000 00610nam a2200193Ia 4500
005 20250508165705.0
008 008 250505s9999 xx 000 0 eng d
037 _aTextual
040 _aFEDL
_beng
_cFEDL
041 _aeng
_2eng
084 _a574.1, GOL
_qFEDL
100 _aGoldbeter Albert
_9781630
245 0 _aBiochemical ocillations and cellular rhythms : the molecoular bases of periodic and chaotic behaviour
260 _aNew York, USA
_bCambridge University Press
_c1996
300 _axxiv,605p.
365 _aGBP
_b70
942 _cTEXL
_h574.1, GOL
999 _c1396773
_d1396773